000 00508nam a22001457a 4500
003 OSt
005 20150917144350.0
008 150917b xxu||||| |||| 00| 0 eng d
040 _cRUA
082 _aAGR SOU 2001 B026 Or.1
100 _9682
_aSOUN, SOPHEA.
245 _aFertilizer effecting on sweet corn crop exterimental ការពិសសោធន៏ ប្រៀបធៀបឥទ្ធិពលជី លើដំណាំពោតផ្អែម
260 _aPhnom Penh
_bRUA
_c2001
942 _2ddc
_cAGR
999 _c657
_d657